[Event "Titled Tuesday intern op 21st Feb Late"]
[Site "Chess.com INT"]
[Date "2023.02.21"]
[Round "3"]
[White "Djokic, Mihailo"]
[Black "Koziol, Kamil"]
[Result "1-0"]
[WhiteElo "2221"]
[BlackElo "2286"]
[PlyCount "97"]
[EventDate "2023.02.21"]
[EventType "swiss (blitz)"]
[EventRounds "11"]
[EventCountry "USA"]
[SourceTitle "CBM 212 Extra"]
[Source "ChessBase"]
[SourceDate "2023.03.31"]
[SourceVersion "1"]
[SourceVersionDate "2023.03.31"]
[SourceQuality "1"]

1. c4 e6 2. d4 d5 3. Nf3 Nf6 4. Nc3 Bb4 5. cxd5 exd5 6. Qb3 Nc6 7. Ne5 Nxd4 8. Qd1 Nb5 9. Qa4 Bxc3+ 10. bxc3 c6 11. Bb2 0-0 12. e3 Re8 13. c4 Nc7 14. Be2 Be6 15. c5 Nd7 16. Nd3 Qe7 17. 0-0 Nxc5 18. Qd4 Qg5 19. Nxc5 Bh3 20. Qxg7+ Qxg7 21. Bxg7 Bxg2 22. Kxg2 Kxg7 23. Nxb7 Ne6 24. Nd6 Rg8 25. Kh1 Kf6 26. Rac1 Nd8 27. Rg1 Rxg1+ 28. Kxg1 Ke6 29. Ne8 Kd7 30. Nf6+ Ke6 31. Nh5 Rb8 32. Rc2 Rb1+ 33. Kg2 f6 34. Nf4+ Kd6 35. Bd3 Rb7 36. h4 h6 37. h5 Nf7 38. Bg6 Ne5 39. Ne2 Nc4 40. Nd4 a5 41. Nf5+ Ke5 42. Nxh6 d4 43. Ng4+ Kd5 44. Nxf6+ Kc5 45. exd4+ Kxd4 46. h6 Ne5 47. Bf5 Rf7 48. h7 Rg7+ 49. Kf1 1-0

[Event "Titled Tuesday intern op 21st Feb Late"]
[Site "Chess.com INT"]
[Date "2023.02.21"]
[Round "2"]
[White "Koziol, Kamil"]
[Black "Nasuta, Grzegorz"]
[Result "0-1"]
[WhiteElo "2286"]
[BlackElo "2535"]
[PlyCount "44"]
[EventDate "2023.02.21"]
[EventType "swiss (blitz)"]
[EventRounds "11"]
[EventCountry "USA"]
[SourceTitle "CBM 212 Extra"]
[Source "ChessBase"]
[SourceDate "2023.03.31"]
[SourceVersion "1"]
[SourceVersionDate "2023.03.31"]
[SourceQuality "1"]

1. e4 c5 2. Nf3 d6 3. d4 cxd4 4. Nxd4 Nf6 5. Nc3 a6 6. Bg5 Nbd7 7. f4 Qc7 8. Qf3 b5 9. 0-0-0 Bb7 10. Bd3 g6 11. Rhe1 Bg7 12. g4 0-0 13. Bf1 Rac8 14. Re2 b4 15. Nd5 Nxd5 16. exd5 Nf6 17. Bxf6 Bxf6 18. g5 Bg7 19. f5 Qa5 20. f6 exf6 21. gxf6 Bh6+ 22. Kb1 Bxd5 0-1

[Event "Titled Tuesday intern op 21st Feb Late"]
[Site "Chess.com INT"]
[Date "2023.02.21"]
[Round "5"]
[White "Koziol, Kamil"]
[Black "Petukhov, Dmitry"]
[Result "0-1"]
[WhiteElo "2286"]
[BlackElo "2350"]
[PlyCount "88"]
[EventDate "2023.02.21"]
[EventType "swiss (blitz)"]
[EventRounds "11"]
[EventCountry "USA"]
[SourceTitle "CBM 212 Extra"]
[Source "ChessBase"]
[SourceDate "2023.03.31"]
[SourceVersion "1"]
[SourceVersionDate "2023.03.31"]
[SourceQuality "1"]

1. e4 c5 2. Nf3 d6 3. d4 cxd4 4. Nxd4 Nf6 5. Nc3 Nc6 6. Bg5 Bd7 7. Qd2 Rc8 8. f4 Nxd4 9. Qxd4 Qa5 10. 0-0-0 Rxc3 11. bxc3 e5 12. Qc4 d5 13. exd5 Ba3+ 14. Kd2 0-0 15. Bxf6 Rc8 16. Qxc8+ Bxc8 17. Bxe5 Qxd5+ 18. Ke3 Bc5+ 19. Bd4 Bg4 20. Rd2 g5 21. Bd3 gxf4+ 22. Kxf4 Bd6+ 23. Kxg4 h5+ 24. Kh4 Be7+ 25. Kg3 Qg5+ 26. Kf3 Qxd2 27. Be3 Qxc3 28. Rf1 Bc5 29. Bxc5 Qxc5 30. Ke2 Qe5+ 31. Kd2 Qxh2 32. Be4 Qe5 33. Bf3 h4 34. Rh1 b5 35. Kc1 b4 36. Kb1 a5 37. Rd1 a4 38. Rd5 Qc3 39. Rd3 Qf6 40. a3 b3 41. cxb3 Qf5 42. Kc2 axb3+ 43. Kd2 b2 44. Rd8+ Kg7 0-1

[Event "Titled Tuesday intern op 21st Feb Late"]
[Site "Chess.com INT"]
[Date "2023.02.21"]
[Round "4"]
[White "Pinheiro, Iung Alicio"]
[Black "Koziol, Kamil"]
[Result "1/2-1/2"]
[WhiteElo "2306"]
[BlackElo "2286"]
[PlyCount "181"]
[EventDate "2023.02.21"]
[EventType "swiss (blitz)"]
[EventRounds "11"]
[EventCountry "USA"]
[SourceTitle "CBM 212 Extra"]
[Source "ChessBase"]
[SourceDate "2023.03.31"]
[SourceVersion "1"]
[SourceVersionDate "2023.03.31"]
[SourceQuality "1"]

1. e4 c5 2. Nf3 e6 3. d3 Nc6 4. g3 d5 5. Qe2 Be7 6. Bg2 Nf6 7. 0-0 0-0 8. e5 Nd7 9. c4 Qc7 10. Bf4 dxc4 11. dxc4 b6 12. Nc3 a6 13. Rad1 Bb7 14. Nd5 Qd8 15. Nxe7+ Qxe7 16. Rd6 Rad8 17. Rfd1 h6 18. h4 Rfe8 19. h5 Nf8 20. R1d2 Rxd6 21. exd6 Qd7 22. Ne5 Nxe5 23. Bxe5 Bxg2 24. Kxg2 f6 25. Bf4 e5 26. Be3 Ne6 27. Rd5 Qc6 28. Qf3 Rd8 29. d7 Nd4 30. Bxd4 cxd4 31. Qf5 Kf8 32. b3 b5 33. f4 bxc4 34. bxc4 Qxc4 35. Qe4 Qc6 36. fxe5 Rxd7 37. Rxd4 Qxe4+ 38. Rxe4 fxe5 39. Rxe5 Rd2+ 40. Kf3 Rxa2 41. Re6 Kf7 42. Rb6 Ra5 43. g4 Ra3+ 44. Kf4 Ra1 45. Kf5 a5 46. Rb7+ Kf8 47. Ra7 a4 48. Kg6 a3 49. Ra8+ Ke7 50. Kxg7 Rg1 51. Kxh6 Rxg4 52. Rxa3 Kf7 53. Ra7+ Kg8 54. Ra8+ Kf7 55. Ra6 Rg1 56. Rg6 Rh1 57. Rg2 Kf8 58. Rg5 Kf7 59. Kh7 Kf6 60. Ra5 Kf7 61. h6 Kf8 62. Rg5 Kf7 63. Rg7+ Kf8 64. Rg6 Kf7 65. Ra6 Rf1 66. Kh8 Kf8 67. h7 Kf7 68. Ra8 Rf2 69. Rg8 Rf1 70. Rg7+ Kf8 71. Rg3 Rf2 72. Ra3 Kf7 73. Ra8 Rf1 74. Rb8 Rf2 75. Rb7+ Kf8 76. Rg7 Rf1 77. Rg8+ Kf7 78. Rg2 Kf8 79. Ra2 Kf7 80. Ra7+ Kf8 81. Ra6 Kf7 82. Ra8 Rf2 83. Rb8 Rf1 84. Rc8 Rf2 85. Rd8 Rf1 86. Rd7+ Kf8 87. Rg7 Rf2 88. Rg1 Kf7 89. Rg3 Rf1 90. Ra3 Kf8 91. Ra6 1/2-1/2

[Event "CZE-chT1E 2122"]
[Site "Czech Republic"]
[Date "2021.10.10"]
[Round "2.4"]
[White "Koziol, Kamil"]
[Black "Babula, Vlastimil1111"]
[Result "1-0"]
[WhiteElo "2294"]
[BlackElo "2176"]
[PlyCount "57"]
[EventDate "2021.10.09"]
[EventType "team-tourn"]
[EventRounds "11"]
[EventCountry "CZE"]
[SourceTitle "EXT 2023"]
[Source "ChessBase"]
[SourceDate "2022.10.05"]
[SourceVersion "1"]
[SourceVersionDate "2022.10.05"]
[SourceQuality "1"]
[WhiteTeam "Poruba Slavoj II"]
[BlackTeam "Stare Mesto"]
[WhiteTeamCountry "CZE"]
[BlackTeamCountry "CZE"]

1. e4 c5 2. Nf3 d6 3. d4 cxd4 4. Nxd4 Nf6 5. Nc3 Nc6 6. Bg5 e6 7. Qd2 a6 8. 0-0-0 Bd7 9. f4 Be7 10. Kb1 b5 11. Bxf6 gxf6 12. f5 Qb6 13. Nxc6 Bxc6 14. Bd3 0-0-0 15. Rhe1 Rhe8 16. Qh6 b4 17. Ne2 d5 18. exd5 Bxd5 19. Nf4 Kb8 20. Qxh7 Bc5 21. Nxd5 exd5 22. Rxe8 Rxe8 23. Qxf7 Re5 24. h4 Bd4 25. h5 Qa5 26. h6 b3 27. axb3 Re1 28. Be2 Qd2 29. h7 1-0

[Event "POL-chT 1st League"]
[Site "Szklarska Poreba"]
[Date "2021.09.10"]
[Round "7.6"]
[White "Brzeski, Maciej"]
[Black "Koziol, Kamil"]
[Result "1/2-1/2"]
[WhiteElo "2358"]
[BlackElo "2276"]
[PlyCount "157"]
[EventDate "2021.09.04"]
[EventType "team-swiss"]
[EventRounds "9"]
[EventCountry "POL"]
[SourceTitle "CBM 204 Extra"]
[Source "ChessBase"]
[SourceDate "2021.11.30"]
[SourceVersion "1"]
[SourceVersionDate "2021.11.30"]
[SourceQuality "1"]
[WhiteTeam "Stara Wies Parnas"]
[BlackTeam "Rybnik"]
[WhiteTeamCountry "POL"]
[BlackTeamCountry "POL"]

1. e4 c5 2. Nf3 e6 3. d4 cxd4 4. Nxd4 Nf6 5. Nc3 Nc6 6. Ndb5 Bb4 7. a3 Bxc3+ 8. Nxc3 d5 9. exd5 exd5 10. Bd3 0-0 11. 0-0 d4 12. Ne2 Bg4 13. Bg5 Re8 14. Re1 Qd6 15. Qd2 Bxe2 16. Bf4 Qd5 17. Bxe2 Ne5 18. Bxe5 Rxe5 19. Bf3 Rxe1+ 20. Rxe1 Qd7 21. Rd1 Rd8 22. Qb4 b6 23. Rd3 Ng4 24. Bxg4 Qxg4 25. Qd2 Re8 26. h3 Qe2 27. Rxd4 g6 28. Qxe2 Rxe2 29. Rc4 Re1+ 30. Kh2 Rb1 31. b3 b5 32. Rb4 a6 33. c4 bxc4 34. bxc4 Rc1 35. Ra4 h5 36. Kg3 Kg7 37. h4 Rc2 38. Kf3 f6 39. g3 g5 40. Ke3 g4 41. Rxa6 Rxc4 42. Rd6 Rc2 43. Rd2 Rc3+ 44. Rd3 Rc2 45. f3 gxf3 46. Kxf3 Rc4 47. Ke3 f5 48. Rb3 Rg4 49. Kf3 Ra4 50. Ke2 Rg4 51. Rf3 Kf6 52. Kd2 Ke6 53. Kc2 f4 54. gxf4 Rxh4 55. a4 Rh1 56. a5 Ra1 57. Re3+ Kd6 58. Re5 h4 59. Kd3 h3 60. Rh5 Ke7 61. Kc4 h2 62. Rxh2 Rxa5 63. Kd4 Kf6 64. Rh6+ Kf7 65. Ke4 Rb5 66. Ra6 Rb4+ 67. Kf5 Rb5+ 68. Kg4 Rb1 69. Kg5 Rg1+ 70. Kf5 Rb1 71. Ra7+ Kf8 72. Kg5 Rb6 73. f5 Rc6 74. Kf4 Rb6 75. Ke5 Rb5+ 76. Kf6 Rb6+ 77. Kg5 Rc6 78. Ra8+ Kf7 79. Ra7+ 1/2-1/2

[Event "POL-chT 1st League"]
[Site "Szklarska Poreba"]
[Date "2021.09.08"]
[Round "5.7"]
[White "Koziol, Kamil"]
[Black "Karolczuk, Iwo"]
[Result "1-0"]
[WhiteElo "2276"]
[BlackElo "2383"]
[PlyCount "113"]
[EventDate "2021.09.04"]
[EventType "team-swiss"]
[EventRounds "9"]
[EventCountry "POL"]
[SourceTitle "CBM 204 Extra"]
[Source "ChessBase"]
[SourceDate "2021.11.30"]
[SourceVersion "1"]
[SourceVersionDate "2021.11.30"]
[SourceQuality "1"]
[WhiteTeam "Rybnik"]
[BlackTeam "Podlesie UKS 21"]
[WhiteTeamCountry "POL"]
[BlackTeamCountry "POL"]

1. e4 c5 2. Nf3 Nc6 3. d4 cxd4 4. Nxd4 e5 5. Nb5 d6 6. c4 Be6 7. N1c3 a6 8. Na3 g6 9. Nc2 f5 10. exf5 gxf5 11. Be2 Nf6 12. Bg5 Rg8 13. Qd2 f4 14. Bh5+ Kd7 15. Bxf6 Qxf6 16. Bf3 Bxc4 17. Bd5 Bxd5 18. Nxd5 Qd8 19. Qd3 Kc8 20. 0-0 Kb8 21. b4 Qg5 22. g3 h5 23. b5 axb5 24. Rab1 Ra5 25. Rxb5 h4 26. Rfb1 Rg7 27. Ncb4 Rxb5 28. Qxb5 fxg3 29. Nxc6+ Kc8 30. Nb6+ Kc7 31. Nd5+ Kc8 32. hxg3 hxg3 33. Nb6+ Kc7 34. Nd5+ Kc8 35. f4 Qh4 36. Nb6+ Kc7 37. Nd5+ Kc8 38. Rb2 g2 39. Nb6+ Kc7 40. Nd5+ Kc8 41. Nde7+ Rxe7 42. Nxe7+ Qxe7 43. f5 Bh6 44. Rxg2 Qh4 45. Rg8+ Kc7 46. Qa5+ Kd7 47. Qc3 Qd4+ 48. Qxd4 exd4 49. Kf2 Ke7 50. Rg6 Bd2 51. Re6+ Kd7 52. Ke2 Bf4 53. Kd3 Be5 54. Ke4 b5 55. Rh6 Ke7 56. Rh1 Kf6 57. Rb1 1-0

[Event "Titled Tuesday intern op 24th Aug"]
[Site "Chess.com INT"]
[Date "2021.08.24"]
[Round "5"]
[White "Hjartarson, Johann"]
[Black "Koziol, Kamil"]
[Result "0-1"]
[WhiteElo "2519"]
[BlackElo "2276"]
[PlyCount "98"]
[EventDate "2021.08.24"]
[EventType "swiss (blitz)"]
[EventRounds "11"]
[EventCountry "USA"]
[SourceTitle "EXT 2022"]
[Source "ChessBase"]
[SourceDate "2021.10.06"]
[SourceVersion "1"]
[SourceVersionDate "2021.10.06"]
[SourceQuality "1"]

1. c4 e5 2. Nc3 f5 3. g3 d6 4. Bg2 Nf6 5. e3 Be7 6. Nge2 0-0 7. 0-0 Qe8 8. d4 Qh5 9. b3 f4 10. exf4 Bh3 11. f3 Nbd7 12. Be3 e4 13. Nxe4 Nxe4 14. fxe4 Nf6 15. Nc3 Ng4 16. Bxh3 Qxh3 17. Qd2 Bh4 18. Rae1 Bf6 19. e5 dxe5 20. fxe5 Be7 21. Nd5 Ba3 22. b4 c6 23. Nf4 Rxf4 24. Rxf4 Bxb4 25. Qxb4 Qxh2+ 26. Kf1 g5 27. Rxg4 Rf8+ 28. Qxf8+ Kxf8 29. Rxg5 h6 30. Rf5+ Ke7 31. Rf6 h5 32. d5 cxd5 33. cxd5 Qxg3 34. Bc5+ Ke8 35. Re3 Qg4 36. Rf8+ Kd7 37. e6+ Kc7 38. Rf7+ Kc8 39. e7 Qc4+ 40. Kg1 Qg4+ 41. Kf2 Qh4+ 42. Ke2 Qc4+ 43. Kd2 Qxd5+ 44. Rd3 Qxa2+ 45. Kd1 Qa1+ 46. Ke2 Qa2+ 47. Ke3 Qe6+ 48. Kd2 Qa2+ 49. Kc3 Qa1+ 0-1

[Event "Titled Tuesday intern op 24th Aug"]
[Site "Chess.com INT"]
[Date "2021.08.24"]
[Round "2"]
[White "Koziol, Kamil"]
[Black "Donchenko, Alexander"]
[Result "1-0"]
[WhiteElo "2276"]
[BlackElo "2657"]
[PlyCount "79"]
[EventDate "2021.08.24"]
[EventType "swiss (blitz)"]
[EventRounds "11"]
[EventCountry "USA"]
[SourceTitle "EXT 2022"]
[Source "ChessBase"]
[SourceDate "2021.10.06"]
[SourceVersion "1"]
[SourceVersionDate "2021.10.06"]
[SourceQuality "1"]

1. e4 Nf6 2. e5 Ng8 3. d4 d6 4. Nf3 Bg4 5. Bc4 e6 6. h3 Bxf3 7. Qxf3 d5 8. Bd3 c5 9. c3 Nc6 10. Be3 Qb6 11. 0-0 Qxb2 12. Nd2 Qxc3 13. Bb5 Nge7 14. Rfc1 Qa5 15. Bxc6+ Nxc6 16. Nb3 Qa3 17. Nxc5 Bxc5 18. Rxc5 0-0 19. Rb5 b6 20. Rb3 Qe7 21. Qg3 Rfc8 22. Bg5 Qf8 23. Qf4 Ne7 24. Rg3 Nf5 25. Rg4 h5 26. Rh4 g6 27. g4 Nxh4 28. Bxh4 hxg4 29. hxg4 Rc3 30. Kg2 f5 31. Bf6 Rc7 32. Qg5 Rh7 33. Qxg6+ Rg7 34. Bxg7 Qxg7 35. Qxe6+ Kf8 36. Qxf5+ Kg8 37. Qe6+ Kf8 38. Qd6+ Kg8 39. Qxd5+ Kf8 40. Qxa8+ 1-0

[Event "Titled Tuesday intern op 24th Aug"]
[Site "Chess.com INT"]
[Date "2021.08.24"]
[Round "10"]
[White "Koziol, Kamil"]
[Black "Farahat, Ali"]
[Result "0-1"]
[WhiteElo "2276"]
[BlackElo "2404"]
[PlyCount "48"]
[EventDate "2021.08.24"]
[EventType "swiss (blitz)"]
[EventRounds "11"]
[EventCountry "USA"]
[SourceTitle "EXT 2022"]
[Source "ChessBase"]
[SourceDate "2021.10.06"]
[SourceVersion "1"]
[SourceVersionDate "2021.10.06"]
[SourceQuality "1"]

1. e4 e5 2. Nf3 Nc6 3. Nc3 Nf6 4. a3 d6 5. d4 Bg4 6. d5 Ne7 7. h3 Bd7 8. Bg5 Nfg8 9. Bc4 g6 10. 0-0 Bg7 11. Nh2 Nf6 12. f4 exf4 13. e5 dxe5 14. d6 cxd6 15. Qxd6 Qb6+ 16. Qxb6 axb6 17. Rae1 h6 18. Bh4 Nf5 19. Rxe5+ Be6 20. Bxe6 fxe6 21. Bxf6 Bxf6 22. Rxe6+ Kf7 23. Rfe1 Bd4+ 24. Kf1 Ng3# 0-1

[Event "Titled Tuesday intern op 24th Aug"]
[Site "Chess.com INT"]
[Date "2021.08.24"]
[Round "9"]
[White "Koziol, Kamil"]
[Black "Petesch, Gabriel N"]
[Result "1-0"]
[WhiteElo "2276"]
[BlackElo "2330"]
[PlyCount "59"]
[EventDate "2021.08.24"]
[EventType "swiss (blitz)"]
[EventRounds "11"]
[EventCountry "USA"]
[SourceTitle "EXT 2022"]
[Source "ChessBase"]
[SourceDate "2021.10.06"]
[SourceVersion "1"]
[SourceVersionDate "2021.10.06"]
[SourceQuality "1"]

1. e4 b5 2. Bxb5 Bb7 3. d3 e6 4. Nc3 Nf6 5. Bg5 Be7 6. Nge2 0-0 7. Qd2 d5 8. f3 h6 9. Bf4 Nh5 10. 0-0 c6 11. Ba4 Nxf4 12. Qxf4 Bg5 13. Qg3 Bh4 14. Qh3 Nd7 15. f4 Nc5 16. Bb3 Bf6 17. e5 Be7 18. Ng3 a5 19. a3 Qb6 20. Kh1 Nxb3 21. cxb3 Qxb3 22. f5 exf5 23. Nxf5 Rfe8 24. Nxh6+ gxh6 25. Qxh6 Bf8 26. Qf6 Re7 27. Rf3 Re6 28. Rg3+ Kh7 29. Qxf7+ Kh8 30. Rg8# 1-0

[Event "Titled Tuesday intern op 08th June"]
[Site "Chess.com INT"]
[Date "2021.06.08"]
[Round "10"]
[White "Koziol, Kamil"]
[Black "Kekic, Armin"]
[Result "0-1"]
[WhiteElo "2276"]
[BlackElo "2188"]
[PlyCount "74"]
[EventDate "2021.06.08"]
[EventType "swiss (blitz)"]
[EventRounds "11"]
[EventCountry "USA"]
[SourceTitle "CBM 202 Extra"]
[Source "ChessBase"]
[SourceDate "2021.07.31"]
[SourceVersion "1"]
[SourceVersionDate "2021.07.31"]
[SourceQuality "1"]

1. e4 c5 2. Nf3 e6 3. d4 cxd4 4. Nxd4 a6 5. Bd3 Nc6 6. Nxc6 dxc6 7. f4 Bc5 8. Qf3 Nf6 9. Be3 Qb6 10. Bxc5 Qxc5 11. Nd2 e5 12. fxe5 Qxe5 13. Nc4 Qe7 14. h3 b5 15. Nb6 Rb8 16. Nxc8 Rxc8 17. 0-0-0 0-0 18. g4 Nd7 19. h4 Ne5 20. Qg2 c5 21. g5 c4 22. Be2 c3 23. Rh3 Qb4 24. bxc3 Rxc3 25. Rxc3 Qxc3 26. Bd3 Rc8 27. Qe2 Qa1+ 28. Kd2 Qxa2 29. h5 Qa5+ 30. Ke3 Qb6+ 31. Kf4 Qc7 32. Ke3 Qe7 33. Rg1 Qc5+ 34. Kf4 Qxg1 35. Kxe5 Qxg5+ 36. Kd6 Qc5+ 37. Kd7 Qc7# 0-1

[Event "Titled Tuesday intern op 08th June"]
[Site "Chess.com INT"]
[Date "2021.06.08"]
[Round "1"]
[White "Koziol, Kamil"]
[Black "Yilmaz, Mustafa"]
[Result "0-1"]
[WhiteElo "2276"]
[BlackElo "2630"]
[PlyCount "86"]
[EventDate "2021.06.08"]
[EventType "swiss (blitz)"]
[EventRounds "11"]
[EventCountry "USA"]
[SourceTitle "CBM 202 Extra"]
[Source "ChessBase"]
[SourceDate "2021.07.31"]
[SourceVersion "1"]
[SourceVersionDate "2021.07.31"]
[SourceQuality "1"]

1. e4 c5 2. Nf3 Nc6 3. Bb5 e6 4. Bxc6 bxc6 5. e5 f6 6. h4 fxe5 7. Nxe5 Qf6 8. Qe2 Bd6 9. Ng4 Qg6 10. d3 Nf6 11. Nxf6+ gxf6 12. g3 Rb8 13. Nc3 0-0 14. Ne4 Be5 15. h5 Qg7 16. Nxc5 Bxb2 17. Bxb2 Rxb2 18. Nb3 f5 19. Qd2 Rxb3 20. axb3 Qxa1+ 21. Ke2 Qxh1 22. Qg5+ Kf7 23. Qh6 Ba6 24. Qxh7+ Ke8 25. Qg6+ Rf7 26. Qg8+ Ke7 27. Qg5+ Kd6 28. Qf4+ e5 29. Qb4+ Ke6 30. Qa5 Qxh5+ 31. Kd2 Qh6+ 32. Kc3 Bb5 33. Qc7 Qc1 34. Qd8 Qe1+ 35. Kb2 Qxf2 36. Qe8+ Re7 37. Qg6+ Kd5 38. Qg8+ Kc5 39. Qf8 Qd4+ 40. Kb1 Qd6 41. Qxf5 Kb6 42. Qf8 Kb7 43. Qd8 e4 0-1

[Event "Titled Tuesday intern op 18th May"]
[Site "Chess.com INT"]
[Date "2021.05.18"]
[Round "3"]
[White "Ismayil, Malak"]
[Black "Koziol, Kamil"]
[Result "0-1"]
[WhiteElo "1997"]
[BlackElo "2276"]
[PlyCount "56"]
[EventDate "2021.05.18"]
[EventType "swiss (blitz)"]
[EventRounds "11"]
[EventCountry "USA"]
[SourceTitle "CBM 202 Extra"]
[Source "ChessBase"]
[SourceDate "2021.07.31"]
[SourceVersion "1"]
[SourceVersionDate "2021.07.31"]
[SourceQuality "1"]

1. e4 c5 2. Nf3 e6 3. d4 cxd4 4. Nxd4 Nf6 5. Bd3 Nc6 6. Nb3 d5 7. exd5 Nxd5 8. a3 Bd6 9. c4 Nf4 10. Be4 f5 11. Bxc6+ bxc6 12. Bxf4 Bxf4 13. Qxd8+ Kxd8 14. Nc3 Rb8 15. Rd1+ Kc7 16. Nc5 Rxb2 17. 0-0 Bd6 18. N3a4 Rc2 19. Rc1 Rxc1 20. Rxc1 Rd8 21. Re1 e5 22. g3 e4 23. f3 exf3 24. Kf2 Bxc5+ 25. Nxc5 Kb6 26. Nb3 Rd3 27. Nc1 Rxa3 28. Re8 Ba6 0-1

[Event "Titled Tuesday intern op 18th May"]
[Site "Chess.com INT"]
[Date "2021.05.18"]
[Round "2"]
[White "Koziol, Kamil"]
[Black "Golubovskis, Maksims"]
[Result "1-0"]
[WhiteElo "2276"]
[BlackElo "2302"]
[PlyCount "51"]
[EventDate "2021.05.18"]
[EventType "swiss (blitz)"]
[EventRounds "11"]
[EventCountry "USA"]
[SourceTitle "CBM 202 Extra"]
[Source "ChessBase"]
[SourceDate "2021.07.31"]
[SourceVersion "1"]
[SourceVersionDate "2021.07.31"]
[SourceQuality "1"]

1. e4 c5 2. Nf3 d6 3. d4 cxd4 4. Nxd4 Nf6 5. Nc3 a6 6. Be2 e5 7. Nb3 Be6 8. 0-0 Be7 9. Be3 0-0 10. Qd2 Nc6 11. Rfd1 Rc8 12. a4 Qc7 13. Nd5 Bxd5 14. exd5 Nb8 15. c4 Nbd7 16. a5 Ne4 17. Qb4 Ndc5 18. f3 Nf6 19. Nxc5 dxc5 20. Qc3 Bd6 21. Bg5 Rfe8 22. Bxf6 gxf6 23. Qe3 Kg7 24. Bd3 Qd7 25. g4 Rg8 26. Bf5 1-0

[Event "Titled Tuesday intern op 18th May"]
[Site "Chess.com INT"]
[Date "2021.05.18"]
[Round "11"]
[White "Koziol, Kamil"]
[Black "Ogloblin, Nikolay"]
[Result "0-1"]
[WhiteElo "2276"]
[BlackElo "2346"]
[PlyCount "102"]
[EventDate "2021.05.18"]
[EventType "swiss (blitz)"]
[EventRounds "11"]
[EventCountry "USA"]
[SourceTitle "CBM 202 Extra"]
[Source "ChessBase"]
[SourceDate "2021.07.31"]
[SourceVersion "1"]
[SourceVersionDate "2021.07.31"]
[SourceQuality "1"]

1. e4 c5 2. Nf3 e6 3. d4 cxd4 4. Nxd4 a6 5. Bd3 Qb6 6. Nb3 Nc6 7. Be3 Qc7 8. N1d2 d6 9. 0-0 Nf6 10. c4 Ne5 11. Be2 b6 12. f4 Ned7 13. a4 Bb7 14. Bd3 Nc5 15. Nxc5 bxc5 16. g4 Be7 17. g5 Nd7 18. Qg4 Nb8 19. f5 e5 20. f6 gxf6 21. gxf6 Bf8 22. Nf3 Nc6 23. Nh4 Bc8 24. Qg5 h6 25. Qg3 Be6 26. Kf2 Nd4 27. Bxd4 cxd4 28. b4 a5 29. c5 axb4 30. Bb5+ Kd8 31. cxd6 Qc2+ 32. Kg1 Bxd6 33. Rac1 Qd2 34. Kh1 Qg5 35. Qf2 Rc8 36. Rxc8+ Bxc8 37. a5 Qe3 38. Qg2 Bb7 39. a6 Bxe4 40. Nf3 Qa3 41. h3 Kc7 42. Kg1 Kb6 43. Qe2 Qe3+ 44. Qxe3 dxe3 45. Be2 Rg8+ 46. Kh1 Bc6 47. Rd1 Bc7 48. Rc1 b3 49. Rc3 Bd5 50. Kh2 b2 51. a7 b1Q 0-1

[Event "Titled Tuesday intern op 27th Apr"]
[Site "Chess.com INT"]
[Date "2021.04.27"]
[Round "2"]
[White "Aditya, Mittal"]
[Black "Koziol, Kamil"]
[Result "1-0"]
[WhiteElo "2438"]
[BlackElo "2276"]
[PlyCount "57"]
[EventDate "2021.04.27"]
[EventType "swiss (blitz)"]
[EventRounds "11"]
[EventCountry "USA"]
[SourceTitle "CBM 202 Extra"]
[Source "ChessBase"]
[SourceDate "2021.07.31"]
[SourceVersion "1"]
[SourceVersionDate "2021.07.31"]
[SourceQuality "1"]

1. d4 Nf6 2. c4 e6 3. Nc3 d5 4. cxd5 exd5 5. Bg5 Bb4 6. e3 h6 7. Bxf6 Qxf6 8. Bd3 0-0 9. Nge2 c6 10. 0-0 Bd6 11. Ng3 Nd7 12. Rb1 a5 13. a3 Nb6 14. b4 axb4 15. axb4 Ra3 16. Qc1 Ra7 17. b5 Bxg3 18. hxg3 Na4 19. Ra1 Nxc3 20. Rxa7 Nxb5 21. Bxb5 cxb5 22. Qc5 Be6 23. Rxb7 h5 24. Ra1 g6 25. Qxb5 h4 26. gxh4 Qxh4 27. Qc5 Kg7 28. Qd6 Rc8 29. Qxe6 1-0

[Event "Titled Tuesday intern op 27th Apr"]
[Site "Chess.com INT"]
[Date "2021.04.27"]
[Round "11"]
[White "Bruned, Yvalin"]
[Black "Koziol, Kamil"]
[Result "0-1"]
[WhiteElo "2286"]
[BlackElo "2276"]
[PlyCount "88"]
[EventDate "2021.04.27"]
[EventType "swiss (blitz)"]
[EventRounds "11"]
[EventCountry "USA"]
[SourceTitle "CBM 202 Extra"]
[Source "ChessBase"]
[SourceDate "2021.07.31"]
[SourceVersion "1"]
[SourceVersionDate "2021.07.31"]
[SourceQuality "1"]

1. b3 Nf6 2. Bb2 g6 3. Bxf6 exf6 4. c4 Bg7 5. Nc3 0-0 6. g3 f5 7. Bg2 c6 8. e3 d6 9. Nge2 Be6 10. 0-0 Nd7 11. d4 Nf6 12. h4 d5 13. cxd5 Nxd5 14. Nxd5 Bxd5 15. Bxd5 Qxd5 16. Nf4 Qd6 17. Rc1 h6 18. Qf3 Rfe8 19. Rc2 Rad8 20. Rfc1 Re4 21. Rc5 Bf6 22. a4 Kg7 23. Kg2 Rde8 24. R1c2 Bd8 25. Rc1 Bb6 26. R5c4 Qa3 27. Qd1 g5 28. hxg5 hxg5 29. Nh3 Kg6 30. Ra1 Qd6 31. a5 Bc7 32. a6 Rxe3 33. Nf4+ gxf4 34. fxe3 Rxe3 35. Qd2 f3+ 36. Kf2 Re2+ 37. Qxe2 Qxg3+ 38. Ke3 Bf4+ 39. Kd3 fxe2+ 40. Kxe2 Qe3+ 41. Kf1 Qf3+ 42. Ke1 b5 43. Rc2 Qh1+ 44. Ke2 Qxa1 0-1

[Event "Titled Tuesday intern op 27th Apr"]
[Site "Chess.com INT"]
[Date "2021.04.27"]
[Round "4"]
[White "Henderson de la Fuente, Lance"]
[Black "Koziol, Kamil"]
[Result "0-1"]
[WhiteElo "2491"]
[BlackElo "2276"]
[PlyCount "102"]
[EventDate "2021.04.27"]
[EventType "swiss (blitz)"]
[EventRounds "11"]
[EventCountry "USA"]
[SourceTitle "CBM 202 Extra"]
[Source "ChessBase"]
[SourceDate "2021.07.31"]
[SourceVersion "1"]
[SourceVersionDate "2021.07.31"]
[SourceQuality "1"]

1. e4 c5 2. Nf3 e6 3. d4 cxd4 4. Nxd4 Nf6 5. Nc3 Nc6 6. Ndb5 Bb4 7. a3 Bxc3+ 8. Nxc3 d5 9. exd5 exd5 10. Bd3 0-0 11. 0-0 d4 12. Ne2 Bg4 13. Bg5 Re8 14. f3 Bh5 15. Ng3 Bg6 16. Ne4 Ne5 17. Bxf6 gxf6 18. Qd2 Rc8 19. Qf4 Re6 20. Rad1 Nxd3 21. Rxd3 Rxc2 22. Rfd1 Kg7 23. Rxd4 Qb6 24. Kh1 Qxb2 25. R4d2 Rc1 26. h4 Rxd1+ 27. Rxd1 Qxa3 28. Rd7 Qa1+ 29. Kh2 Qe5 30. Qxe5 Rxe5 31. Rxb7 Bxe4 32. fxe4 Rxe4 33. Rxa7 Rxh4+ 34. Kg3 Rb4 35. Kf3 Kg6 36. Kg3 h5 37. Kf3 Rg4 38. Ra5 Rg5 39. Ra6 Rf5+ 40. Kg3 Re5 41. Ra7 Re6 42. Rb7 f5 43. Rc7 Rd6 44. Re7 Rb6 45. Ra7 Rb3+ 46. Kh2 f4 47. Ra4 Kg5 48. Ra5+ f5 49. Ra8 f3 50. Ra4 Rb2 51. Kg3 fxg2 0-1